| 000 -LEADER |
| fixed length control field |
01527cam a22003014a 4500 |
| 001 - CONTROL NUMBER |
| control field |
15252807 |
| 005 - DATE AND TIME OF LATEST TRANSACTION |
| control field |
20170105102853.0 |
| 008 - FIXED-LENGTH DATA ELEMENTS--GENERAL INFORMATION |
| fixed length control field |
080408s2008 nyu b 001 0 eng |
| 010 ## - LIBRARY OF CONGRESS CONTROL NUMBER |
| LC control number |
2008016182 |
| 020 ## - INTERNATIONAL STANDARD BOOK NUMBER |
| International Standard Book Number |
9781403997067 (hc : alk. paper) |
| 020 ## - INTERNATIONAL STANDARD BOOK NUMBER |
| International Standard Book Number |
1403997063 |
| 040 ## - CATALOGING SOURCE |
| Original cataloging agency |
DLC |
| Transcribing agency |
DLC |
| Modifying agency |
DLC |
| 050 00 - LIBRARY OF CONGRESS CALL NUMBER |
| Classification number |
PR6045.O72 |
| Item number |
Z87647 2008 |
| 082 00 - DEWEY DECIMAL CLASSIFICATION NUMBER |
| Classification number |
823.912 |
| Edition number |
22 |
| 100 1# - MAIN ENTRY--PERSONAL NAME |
| Personal name |
Simpson, Kathryn, |
| Dates associated with a name |
1967- |
| 245 10 - TITLE STATEMENT |
| Title |
Gifts, markets and economies of desire in Virginia Woolf / |
| Statement of responsibility, etc. |
Kathryn Simpson. |
| 260 ## - PUBLICATION, DISTRIBUTION, ETC. |
| Place of publication, distribution, etc. |
New York : |
| Name of publisher, distributor, etc. |
Palgrave Macmillan, |
| Date of publication, distribution, etc. |
2008. |
| 300 ## - PHYSICAL DESCRIPTION |
| Extent |
ix, 200 p. ; |
| Dimensions |
23 cm. |
| 504 ## - BIBLIOGRAPHY, ETC. NOTE |
| Bibliography, etc. note |
Includes bibliographical references (p. 185-193) and index. |
| 505 0# - FORMATTED CONTENTS NOTE |
| Formatted contents note |
The business of writing: economies in Woolf's essays -- Queering the market: 'Mrs Dalloway in Bond Street', Mrs Dalloway and 'The hours' -- The gift of vision: to the lighthouse, Orlando and between the acts -- Moments of giving: generosity and desire in Woolf's short fictions. |
| 600 10 - SUBJECT ADDED ENTRY--PERSONAL NAME |
| Personal name |
Woolf, Virginia, |
| Dates associated with a name |
1882-1941 |
| General subdivision |
Criticism and interpretation. |
| 856 42 - ELECTRONIC LOCATION AND ACCESS |
| Materials specified |
Contributor biographical information |
| Uniform Resource Identifier |
<a href="http://www.loc.gov/catdir/enhancements/fy0906/2008016182-b.html">http://www.loc.gov/catdir/enhancements/fy0906/2008016182-b.html</a> |
| 856 42 - ELECTRONIC LOCATION AND ACCESS |
| Materials specified |
Publisher description |
| Uniform Resource Identifier |
<a href="http://www.loc.gov/catdir/enhancements/fy0906/2008016182-d.html">http://www.loc.gov/catdir/enhancements/fy0906/2008016182-d.html</a> |
| 856 41 - ELECTRONIC LOCATION AND ACCESS |
| Materials specified |
Table of contents only |
| Uniform Resource Identifier |
<a href="http://www.loc.gov/catdir/enhancements/fy0906/2008016182-t.html">http://www.loc.gov/catdir/enhancements/fy0906/2008016182-t.html</a> |
| 906 ## - LOCAL DATA ELEMENT F, LDF (RLIN) |
| a |
7 |
| b |
cbc |
| c |
orignew |
| d |
1 |
| e |
ecip |
| f |
20 |
| g |
y-gencatlg |
| 942 ## - ADDED ENTRY ELEMENTS (KOHA) |
| Source of classification or shelving scheme |
|
| Koha item type |
Book |